00533nam a2200169Ia 4500008004100000020001300041040001900054041001200073082002500085100001900110245007600129260004800205300002100253504005900274650002000333850001000353131103s9999 xx 000 0 und d a90286820 aLoreto College aEnglish a430/COLbLCLIB/28193 aCollinson,W.E. 4aThe German language todayb its patterns and background cW.E.Collinson aLondonbHutchinson University Libraryc1968 a185 p. c 21 cm. aIncludes bibliographical references,appendix and index aGerman Language aLCLIB